| 000 | 00442nam a2200145 a 4500 | ||
|---|---|---|---|
| 005 | 20140513081056.0 | ||
| 008 | 070905s19uu xx 00 eng d | ||
| 050 |
_aVCD _bBu941 2004 |
||
| 245 |
_aBumble Bee's 123s: _bSequencing. |
||
| 260 |
_aPhilippines : _bBaby BumbleBee, _c2004. |
||
| 440 | _aBumbleBee Kids | ||
| 500 | _aVolume 2: An early introduction to number concepts. | ||
| 650 |
_aNumbers-sequencing _xRecognition |
||
| 999 |
_c116539 _d116539 |
||